000 02206cam a2200589 a 4500
001 ocn726817979
003 OCoLC
005 20241220135639.0
008 110601s2012 nyua c 000 1 eng
010 _a 2011015605
020 _a9780803736771
020 _a0803736770 (paper-over-board)
029 1 _aAU@
_b000047114513
029 1 _aNZ1
_b14105518
029 1 _aAU@
_b000048569329
035 _a(OCoLC)726817979
_z(OCoLC)777911922
040 _aDLC
_beng
_cDLC
_dIG#
_dBTCTA
_dZGY
_dWL8
_dWIQ
_dLF3
_dBDX
_dVP@
_dWIM
_dYDXCP
_dUINTA
_erda
042 _alcac
_apcc
049 _aUCLB
050 0 0 _aPZ7.V5985
_bRe 2012
082 0 0 _a[Fic]
_223
092 _ajunior fiction
_bVernon
100 1 _aVernon, Ursula.
_95683759
245 1 0 _aRevenge of the horned bunnies /
_cby Ursula Vernon.
260 _aNew York :
_bDial Books,
_cc2012.
264 _aNew York :
_bDial Books,
_c2012
300 _a195 p. :
_bill. ;
_c19 cm.
490 1 _aDragonbreath ;
_v6
520 _aDanny Dragonbreath is excited about going to camp with his best friend Wendell and classmate Christiana even though his obnoxious, seven-year-old cousin Spencer is going too, but things change when Spencer finds a real jackalope.
650 1 _aCamps
_vFiction.
_95676994
650 1 _aCousins
_vFiction.
_96262466
650 1 _aAnimals, Mythical
_vFiction.
_95675616
650 1 _aDragons
_vFiction.
_95673926
650 1 _aIguanas
_vFiction.
_96357981
650 1 _aHumorous stories.
_96262468
650 0 _aCamps
_vJuvenile fiction.
_95681971
650 0 _aCousins
_vJuvenile fiction.
_95676179
650 0 _aAnimals, Mythical
_vJuvenile fiction.
_95675273
650 0 _aDragons
_vJuvenile fiction.
_95673921
650 0 _aIguanas
_vJuvenile fiction.
_95683761
650 7 _aCamps
_vFiction.
_2sears
_95676994
650 7 _aCousins
_vFiction.
_2sears
_96410119
650 7 _aMythical animals
_vFiction.
_2sears
_95795451
650 7 _aDragons
_vFiction.
_2sears
_95673926
650 7 _aIguanas
_vFiction.
_2sears
_96357981
655 0 _aHumorous stories.
_96262469
800 1 _aVernon, Ursula.
_tDragonbreath ;
_vbk. 6.
_95683764
942 _cBOOK
_2ddc
999 _c106113
_d106113